Sharing our Biblical story : (Record no. 13352)

MARC details
000 -LEADER
fixed length control field 01687cam a2200337 i 4500
001 - CONTROL NUMBER
control field 13352
005 - DATE AND TIME OF LATEST TRANSACTION
control field 20250929085649.0
008 - FIXED-LENGTH DATA ELEMENTS--GENERAL INFORMATION
fixed length control field 790810s1979 mnua b 000 0 eng
010 ## - LIBRARY OF CONGRESS CONTROL NUMBER
LC control number 78062823
020 ## - INTERNATIONAL STANDARD BOOK NUMBER
International Standard Book Number 0030439264
020 ## - INTERNATIONAL STANDARD BOOK NUMBER
International Standard Book Number 9780030439261
035 ## - SYSTEM CONTROL NUMBER
System control number 4157183
040 ## - CATALOGING SOURCE
Original cataloging agency DLC
Transcribing agency DLC
Modifying agency DLC
-- BSULIB
050 00 - LIBRARY OF CONGRESS CALL NUMBER
Classification number BS546
Item number .R87
082 00 - DEWEY DECIMAL CLASSIFICATION NUMBER
Classification number 268.6
Item number RUS
100 1# - MAIN ENTRY--PERSONAL NAME
Personal name Russell, Joseph P.
9 (RLIN) 25944
245 10 - TITLE STATEMENT
Title Sharing our Biblical story :
Remainder of title a guide to using liturgical readings as the core of church and family education /
Statement of responsibility, etc Joseph P. Russell.
260 ## - PUBLICATION, DISTRIBUTION, ETC. (IMPRINT)
Place of publication, distribution, etc Minneapolis :
Name of publisher, distributor, etc Winston Press,
Date of publication, distribution, etc 1979.
300 ## - PHYSICAL DESCRIPTION
Extent 289 p. (p. 287-289 blank) :
Other physical details ill. ;
Dimensions 23 cm.
504 ## - BIBLIOGRAPHY, ETC. NOTE
Bibliography, etc Bibliography: p. 283-286.
505 ## - FORMATTED CONTENTS NOTE
Formatted contents note The religious educator as storyteller --An overview of the historical, literary, and theological development of the bible: implications for the religious educator --Sharing our story in the liturgy --How to design a parish religious education program based on the church's liturgy; three model programs --A commentary on the Eucharistic lectionary year A --A commentary on the Eucharistic lectionary year B --A commentary on the Eucharistic lectionary year C --A commentary on theSaints day and other holy days
630 00 - SUBJECT ADDED ENTRY--UNIFORM TITLE
Uniform title Bible
General subdivision Study and teaching.
9 (RLIN) 6851
630 00 - SUBJECT ADDED ENTRY--UNIFORM TITLE
Uniform title Bible
General subdivision Liturgical use.
9 (RLIN) 25945
650 #0 - SUBJECT ADDED ENTRY--TOPICAL TERM
Topical term or geographic name as entry element Bible stories.
9 (RLIN) 25946
650 #0 - SUBJECT ADDED ENTRY--TOPICAL TERM
Topical term or geographic name as entry element Storytelling
General subdivision Religious aspects
-- Christianity.
9 (RLIN) 20456
650 #0 - SUBJECT ADDED ENTRY--TOPICAL TERM
Topical term or geographic name as entry element Christian education
General subdivision Activity programs.
9 (RLIN) 25947
650 #0 - SUBJECT ADDED ENTRY--TOPICAL TERM
Topical term or geographic name as entry element Church year.
9 (RLIN) 13442
906 ## - LOCAL DATA ELEMENT F, LDF (RLIN)
a 7
b cbc
c orignew
d 2
e opcn
f 19
g y-gencatlg
942 ## - ADDED ENTRY ELEMENTS (KOHA)
Source of classification or shelving scheme Dewey Decimal Classification
Item type Books
Holdings
Withdrawn status Lost status Source of classification or shelving scheme Damaged status Not for loan Home library Current library Shelving location Date acquired Total Checkouts Full call number Barcode Date last seen Copy number Price effective from Koha item type Public note
    Dewey Decimal Classification     Main Library Main Library Reserve Book Section 29/09/2025   268.6 RUS bsu25090477 29/09/2025 001 29/09/2025 Books Material available in hard copy

© 2017 Bishop Stuart University Library. All Rights Reserved.
Kakoba Campus, Plot 150 Buremba Road | P.O. Box 9, Mbarara, UGANDA | Tel: +256-772-463068
Email: library@bsu.ac.ug